000 00556nam a2200181 a 4500
005 20240601063756.0
008 991125s1940 mx 000 0 spa u
035 _aUPN01000026382
049 _aLT
050 4 _aLB1577 M6.3
_bM3.3a
100 1 _aMarín, Emilio
_929130
245 1 0 _aGramática española :
_b3er grado /
_cEmilio Marín.
260 _aMéxico :
_bProgreso,
_c[1940?].
300 _a368 p. :
_bil.
500 _aDisponible en la Colección Medina
650 4 _aEspañol
_xGramática
_xEstudio y enseñanza (Elemental)
_913348
905 _aLibro
999 _c26382
_d26382